ბათუმის შოთა რუსთაველის სახელმწიფო უნივერსიტეტის ბიბლიოთეკა

მათემატიკის ამოცანათა კრებული : მეთოდური მითითები / (ბიბ.ჩანაწერი № 37921)

000 -ლიდერი
ფიქსირებული სიგრძის საკონტროლო ველი 01137nam a2200241Ia 4500
001 - საკონტროლო ნომერი
საკონტროლო ველი 3899
003 - საკონტროლო ნომრის იდენტიფიკატორი
საკონტროლო ველი GE_BSU
005 - ბოლო ოპერაციის თარიღი და დრო
საკონტროლო ველი 20190530184013.0
008 - ფიქსირებული სიგრძის მონაცემთა ელემენტები - ზოგადი ინფორმაცია
ფიქსირებული სიგრძის საკონტროლო ველი 181216s1983||||ge |||||||||||||| ||geo||
040 ## - კატალოგიზაციის წყარო
Transcribing agency GE_BSU
041 ## - ენის კოდი
Language code of text/sound track or separate title geo
080 ## - უნივერსალური ათობითი კლასიფიკაციის ინდექსი
Universal Decimal Classification number 51(076.1) ქ–37
100 ## - მთავარი ჩანაწერი - პიროვნების სახელი
Personal name ქელბაქიანი, ვ. მ
9 (RLIN) 1868
245 ## - ცნობა სათაურის შესახებ
Title მათემატიკის ამოცანათა კრებული : მეთოდური მითითები /
Statement of responsibility, etc ვ. ქელბაქიანი ; თ. მოხალიშვილი ; ა. ახვლედიანი ; რედ : ნ.გვანცელაძე ; რ.დანელია.
264 ## - წარმოების, გამოცემის, დისტრიბუციის და სხვა ცნობები
გამოცემის, წარმოების, დისტრიბუციის... ადგილი თბილისი :
გამოცემის, წარმოების, დისტრიბუციის... სახელწოდება განათლება,
გამოცემის, წარმოების, დისტრიბუციის... თარიღი 1983.
300 ## - ფიზიკური აღწერა
Extent 395 გვ .:
Dimensions 22 სმ.
653 ## - INDEX TERM--UNCONTROLLED
Uncontrolled term მათემატიკა
700 ## - ADDED ENTRY--PERSONAL NAME
Personal name მოხალიშვილი, თ
9 (RLIN) 1869
700 ## - ADDED ENTRY--PERSONAL NAME
Personal name ახვლედიანი, ა
9 (RLIN) 1870
700 ## - ADDED ENTRY--PERSONAL NAME
Personal name გვანცელაძე, ნ
Relator term რედაქტორი
9 (RLIN) 1871
700 ## - ADDED ENTRY--PERSONAL NAME
Personal name დანელია, რ
Relator term რედაქტორი
9 (RLIN) 1505
942 ## - ADDED ENTRY ELEMENTS (KOHA)
Koha item type წიგნი
Source of classification or shelving scheme
ეგზემპლარები
ჩამოწერის სტატუსი დაკარგული ეგზემპლარის სტატუსი კლასიფიკაციის წყარო ან თაროზე გაწყობის სქემა დაზიანების სტატუსი არ გაიცემა მუდმივი მდებარეობა (დაცვის ადგილი) ამჟამინდელი ადგილსამყოფელი თაროზე განთავსების ადგილი შეძენის თარიღი ღირებულება, შესყიდვის ნორმალური ფასი სრული შენახვის შიფრი შტრიხკოდი ბოლო ოპერაციის თარიღი ეგზემპლარის მიმდევრობითი ნომერი (კეტერი?) ფასის ძალაში შესვლის თარიღი ეგზემპლარის სახეობა საჯარო შენიშვნა
          ტექნოლოგიური ფაკულტეტის ბიბლიოთეკა ტექნოლოგიური ფაკულტეტის ბიბლიოთეკა წიგნსაცავი 2018-12-17 1.00 51(076.1) ქ–37 9901 2018-12-17 9901 2018-12-17 წიგნი 1 ლ. 20 თ.